000 00481nam a2200157Ia 4500
008 210210b2001 xxu||||| |||| 00| 0 eng d
020 _a81 7648 256 0
082 _a079.54 IYER
100 _aIYENGAR (A S).
245 _aRole of press and Indian freedom struggle. (All through the Gandhian Era).
260 _aNew Delhi.
_bNot Mentioned
_c2001
300 _axxiv,338
650 _aIndian Press Freedom Struggle Gandhian Iyengar A S
690 _aJournalism
906 _a057890
999 _c105176
_d105176